[Event "Outaouais-ch"]
[Site "Gatineau CAN"]
[Date "2002.04.23"]
[Round "1"]
[White "Groleau, Gilles"]
[Black "Lavergne, Daniel"]
[Result "1-0"]
[WhiteElo "2063"]
[BlackElo "1780"]
[PlyCount "51"]
[EventDate "2002.04.23"]
[EventType "tourn"]
[EventRounds "6"]
[EventCountry "CAN"]

1. e4 c5 2. Nf3 d6 3. Bb5+ Nd7 4. c3 Ngf6 5. Qe2 a6 6. Ba4 e6 7. O-O b5 8. Bc2
Qc7 9. d4 cxd4 10. cxd4 e5 11. Bg5 Be7 12. Nc3 Bb7 13. Rac1 Rc8 14. dxe5 dxe5
15. Bb3 Qb8 16. Nd5 Bd8 17. Rxc8 Qxc8 18. Rc1 Qa8 19. Bxf6 gxf6 20. Nh4 Nf8 21.
Nf5 Ne6 22. Nd6+ Kf8 23. Qh5 Ng5 24. Qh6+ Kg8 25. Ne8 Ne6 26. Ndxf6+ 1-0

[Event "Outaouais-ch"]
[Site "Gatineau CAN"]
[Date "2002.04.26"]
[Round "2"]
[White "Arsenault, Michel"]
[Black "Groleau, Gilles"]
[Result "1/2-1/2"]
[WhiteElo "2114"]
[BlackElo "2063"]
[PlyCount "89"]
[EventDate "2002.04.23"]
[EventType "tourn"]
[EventRounds "6"]
[EventCountry "CAN"]

1. c4 Nf6 2. g3 c5 3. Bg2 Nc6 4. Nc3 e6 5. e4 Be7 6. Nge2 d6 7. O-O a6 8. d3
Qc7 9. h3 O-O 10. Be3 b6 11. b3 Bb7 12. f4 Rfd8 13. g4 Na7 14. g5 Ne8 15. Qe1
b5 16. f5 b4 17. fxe6 fxe6 18. Qf2 g6 19. Qf7+ Kh8 20. Nf4 Ng7 21. Qxg7+ Kxg7
22. Nxe6+ Kg8 23. Nxc7 bxc3 24. Nxa8 Bxa8 25. Rac1 Nc6 26. Rxc3 Nd4 27. Rf2 a5
28. Rc1 Rf8 29. Bxd4 cxd4 30. Rxf8+ Kxf8 31. h4 Bc6 32. Bh3 h6 33. Rf1+ Kg7 34.
a3 hxg5 35. hxg5 Bxg5 36. b4 Be3+ 37. Kg2 axb4 38. axb4 Ba4 39. b5 Bc2 40. b6
Bxd3 41. b7 Bxe4+ 42. Kg3 Bxb7 43. Bg2 Bc8 44. Be4 Be6 45. Bd3 1/2-1/2

[Event "Outaouais-ch"]
[Site "Gatineau CAN"]
[Date "2002.04.26"]
[Round "2"]
[White "Villeneuve, Luc"]
[Black "Lavergne, Daniel"]
[Result "0-1"]
[WhiteElo "1830"]
[BlackElo "1780"]
[PlyCount "62"]
[EventDate "2002.04.23"]
[EventType "tourn"]
[EventRounds "6"]
[EventCountry "CAN"]

1. d4 f5 2. c4 Nf6 3. g3 g6 4. Bg2 Bg7 5. Nf3 O-O 6. O-O d6 7. Nc3 Nc6 8. d5
Nb4 9. a3 Na6 10. Nd4 Nc5 11. b4 Nce4 12. Nxe4 Nxe4 13. Bb2 Qe8 14. Qc2 a5 15.
e3 Bxd4 16. exd4 Nf6 17. Bc3 g5 18. Bd2 Qg6 19. Rae1 Rf7 20. c5 Qg7 21. Re6 Ne4
22. Bxe4 fxe4 23. Qxe4 Bxe6 24. dxe6 Rff8 25. Qxb7 axb4 26. axb4 dxc5 27. dxc5
Ra1 28. Qe4 Rxf1+ 29. Kxf1 h6 30. Qd3 Qf6 31. Qe4 Qxf2# 0-1

[Event "Outaouais-ch"]
[Site "Gatineau CAN"]
[Date "2002.05.03"]
[Round "3"]
[White "Lavergne, Daniel"]
[Black "Arsenault, Michel"]
[Result "1-0"]
[WhiteElo "1780"]
[BlackElo "2114"]
[PlyCount "57"]
[EventDate "2002.04.23"]
[EventType "tourn"]
[EventRounds "6"]
[EventCountry "CAN"]

1. e4 c5 2. Nf3 e6 3. d4 cxd4 4. Nxd4 Nf6 5. Nc3 d6 6. g4 h6 7. h3 Nc6 8. Be3
a6 9. f4 Qa5 10. Qd2 Bd7 11. O-O-O Qc7 12. Kb1 Na5 13. Qf2 Nc4 14. Bc1 b5 15.
g5 b4 16. gxf6 bxc3 17. b3 Nb6 18. f5 e5 19. fxg7 Bxg7 20. f6 Bf8 21. Nf5 Bxf5
22. Qxf5 Qc5 23. h4 a5 24. a4 Rg8 25. Bb5+ Kd8 26. Qh7 Rg2 27. Qxf7 d5 28.
Rxd5+ Nxd5 29. Qd7# 1-0

[Event "Outaouais-ch"]
[Site "Gatineau CAN"]
[Date "2002.05.07"]
[Round "4"]
[White "Lavergne, Daniel"]
[Black "Groleau, Gilles"]
[Result "0-1"]
[WhiteElo "1780"]
[BlackElo "2003"]
[PlyCount "92"]
[EventDate "2002.04.23"]
[EventType "tourn"]
[EventRounds "6"]
[EventCountry "CAN"]

1. e4 c5 2. Nf3 e6 3. d4 cxd4 4. Nxd4 Nf6 5. Nc3 d6 6. g4 h6 7. h3 a6 8. Bg2
Qc7 9. Be3 Nc6 10. Qe2 Bd7 11. a4 Be7 12. O-O Rc8 13. Nb3 Na5 14. Nxa5 Qxa5 15.
e5 dxe5 16. Bxb7 Rb8 17. Bxa6 Rxb2 18. Nb5 O-O 19. Bc1 Rb4 20. Bd2 Qxa6 21.
Bxb4 Bxb4 22. Qxe5 Rc8 23. Rfd1 Rxc2 24. Rxd7 Nxd7 25. Qd4 Qb6 26. Rd1 Bf8 27.
Qxb6 Nxb6 28. a5 Nd5 29. a6 Bc5 30. Ra1 Rxf2 31. Kh1 Nf4 32. Nd6 Nxh3 33. Ne4
Ba7 34. Nxf2 Nxf2+ 35. Kg2 Nxg4 36. Rc1 Ne3+ 37. Kf3 Nd5 38. Rc8+ Kh7 39. Ra8
Bb6 40. Rb8 Kg6 41. Kg4 f5+ 42. Kf3 Kf6 43. Rf8+ Ke5 44. Rf7 g5 45. a7 Bxa7 46.
Rxa7 h5 0-1

[Event "Outaouais-ch"]
[Site "Gatineau CAN"]
[Date "2002.05.07"]
[Round "4"]
[White "Villeneuve, Luc"]
[Black "Arsenault, Michel"]
[Result "0-1"]
[WhiteElo "1830"]
[BlackElo "2114"]
[PlyCount "70"]
[EventDate "2002.04.23"]
[EventType "tourn"]
[EventRounds "6"]
[EventCountry "CAN"]

1. e4 c5 2. Nc3 Nc6 3. g3 g6 4. Bg2 Bg7 5. d3 d6 6. Be3 e5 7. Qd2 Be6 8. Nge2
Qd7 9. Nd5 h6 10. h4 Nge7 11. h5 g5 12. Bxg5 hxg5 13. h6 Bxd5 14. exd5 Bxh6 15.
Qxg5 Nb4 16. Rxh6 Nxc2+ 17. Kf1 Rg8 18. Qc1 Nxa1 19. Qxa1 O-O-O 20. Bh3 f5 21.
Rh7 Rh8 22. Rxh8 Rxh8 23. Bg2 Qe8 24. Qc1 Kb8 25. b4 cxb4 26. d4 e4 27. Nf4
Qb5+ 28. Kg1 Nxd5 29. Bf1 Qc6 30. Qd2 Qc3 31. Qxc3 bxc3 32. Ne2 Rc8 33. Bh3 c2
34. Nc1 Rc4 35. Bxf5 Rxd4 0-1

[Event "Outaouais-ch"]
[Site "Gatineau CAN"]
[Date "2002.05.10"]
[Round "5"]
[White "Groleau, Gilles"]
[Black "Arsenault, Michel"]
[Result "1-0"]
[WhiteElo "2063"]
[BlackElo "2114"]
[PlyCount "76"]
[EventDate "2002.04.23"]
[EventType "tourn"]
[EventRounds "6"]
[EventCountry "CAN"]

1. e4 c5 2. Nf3 e6 3. d4 cxd4 4. Nxd4 Nf6 5. Nc3 d6 6. Be3 Be7 7. f4 O-O 8. Qf3
e5 9. Nf5 Bxf5 10. exf5 Nc6 11. O-O-O Qa5 12. g4 e4 13. Qg2 d5 14. g5 Rfd8 15.
gxf6 Bxf6 16. Rg1 Rac8 17. Bd2 Nb4 18. a3 Rxc3 19. Bxc3 Na2+ 20. Kd2 Nxc3 21.
bxc3 Qxc3+ 22. Ke2 Qc4+ 23. Ke1 Bc3+ 24. Kf2 Qc5+ 25. Ke2 Qc4+ 26. Kf2 e3+ 27.
Kg3 Qc6 28. Bd3 Qf6 29. Kf3 d4 30. Qg5 Qxg5 31. fxg5 a6 32. Rb1 b5 33. h4 Re8
34. Ke2 Ba5 35. a4 b4 36. Bxa6 Re5 37. Bd3 Rc5 38. Rg4 Rc3 1-0

[Event "Outaouais-ch B"]
[Site "Gatineau CAN"]
[Date "2002.04.23"]
[Round "1"]
[White "Bussiere, Denis"]
[Black "Laurin, Marcel"]
[Result "0-1"]
[WhiteElo "1719"]
[BlackElo "1778"]
[PlyCount "70"]
[EventDate "2002.04.23"]
[EventType "tourn"]
[EventRounds "6"]
[EventCountry "CAN"]

1. e4 c5 2. Nf3 Nc6 3. d4 cxd4 4. Nxd4 e5 5. Nb5 d6 6. c4 Nf6 7. N1c3 a6 8. Na3
Be7 9. Bg5 O-O 10. Nc2 Ne8 11. Bxe7 Nxe7 12. c5 Be6 13. cxd6 Nxd6 14. Qh5 f6
15. O-O-O Qc7 16. Kb1 Rac8 17. Ne3 Bf7 18. Qg4 f5 19. exf5 Ndxf5 20. Nxf5 Nxf5
21. Bd3 Nd4 22. Qh4 g6 23. Rc1 Qa5 24. a3 Rc6 25. Ne2 Qd5 26. Rxc6 Nxc6 27. Qe4
Qa2+ 28. Kc1 Bd5 29. Qg4 Be6 30. Qg3 Rc8 31. Nc3 Qa1+ 32. Bb1 Bf5 33. Ne4 Nd4+
34. Kd2 Qxb2+ 35. Ke3 Qe2# 0-1

[Event "Outaouais-ch B"]
[Site "Gatineau CAN"]
[Date "2002.04.23"]
[Round "1"]
[White "Scantland, Patrick"]
[Black "Brousseau, Yvan"]
[Result "0-1"]
[WhiteElo "1762"]
[BlackElo "1882"]
[PlyCount "86"]
[EventDate "2002.04.23"]
[EventType "tourn"]
[EventRounds "6"]
[EventCountry "CAN"]

1. d4 Nf6 2. Nf3 d5 3. c4 e6 4. Nc3 c6 5. e3 Bd6 6. Qc2 O-O 7. h3 Nbd7 8. Be2
e5 9. dxe5 Nxe5 10. Nxe5 Bxe5 11. cxd5 cxd5 12. Bd2 Be6 13. f4 Bxc3 14. Bxc3
Ne4 15. O-O Rc8 16. f5 Bd7 17. Rac1 Qg5 18. Qd1 Qxe3+ 19. Kh2 Nxc3 20. bxc3
Qe5+ 21. Kh1 Bxf5 22. Bf3 Be6 23. Qd4 Qxd4 24. cxd4 b6 25. Be2 Rxc1 26. Rxc1
Rc8 27. Rxc8+ Bxc8 28. Kg1 Bf5 29. Kf2 Be4 30. g3 Kf8 31. Ke3 Ke7 32. Kf4 Bb1
33. a3 Ba2 34. Bd3 h6 35. h4 Bc4 36. Bc2 b5 37. g4 a5 38. g5 hxg5+ 39. hxg5 b4
40. axb4 axb4 41. Ke3 Kd6 42. Kd2 Ke6 43. Ke3 Ba2 0-1

[Event "Outaouais-ch B"]
[Site "Gatineau CAN"]
[Date "2002.04.26"]
[Round "2"]
[White "Laurin, Marcel"]
[Black "Brousseau, Yvan"]
[Result "1/2-1/2"]
[WhiteElo "1778"]
[BlackElo "1882"]
[PlyCount "70"]
[EventDate "2002.04.23"]
[EventType "tourn"]
[EventRounds "6"]
[EventCountry "CAN"]

1. d4 Nf6 2. c4 g6 3. Nc3 Bg7 4. e4 d6 5. f3 Nbd7 6. Be3 c6 7. Qd2 h5 8. h4 a6
9. Bd3 b5 10. cxb5 cxb5 11. b4 Nb6 12. Rc1 Bb7 13. Nge2 Rc8 14. Kf2 O-O 15. Bh6
Nc4 16. Bxc4 Rxc4 17. Bxg7 Kxg7 18. a3 Qb6 19. Kg3 Rfc8 20. Rhg1 a5 21. Qb2
axb4 22. axb4 Bc6 23. e5 Nd5 24. exd6 exd6 25. Nxd5 Bxd5 26. Qd2 Qa7 27. Qg5
Rxc1 28. Rxc1 Rxc1 29. Qxd5 Rc2 30. Nf4 Qd7 31. Qg5 Qf5 32. Nxh5+ Kg8 33. Qd8+
Kh7 34. Nf6+ Kg7 35. Ne8+ Kh7 1/2-1/2

[Event "Outaouais-ch B"]
[Site "Gatineau CAN"]
[Date "2002.05.07"]
[Round "4"]
[White "Laurin, Marcel"]
[Black "Bussiere, Denis"]
[Result "1-0"]
[WhiteElo "1778"]
[BlackElo "1719"]
[PlyCount "55"]
[EventDate "2002.04.23"]
[EventType "tourn"]
[EventRounds "6"]
[EventCountry "CAN"]

1. d4 d5 2. c4 dxc4 3. e4 e5 4. d5 f5 5. Nf3 Bb4+ 6. Nc3 Qe7 7. exf5 Bxf5 8.
Bxc4 Nd7 9. O-O O-O-O 10. Nb5 a6 11. Na7+ Kb8 12. Be3 Bc5 13. Nc6+ bxc6 14.
dxc6 Bxe3 15. cxd7 Bb6 16. Bxa6 Nf6 17. a4 Nxd7 18. a5 Nc5 19. Qe2 Nxa6 20.
axb6 Bd3 21. bxc7+ Qxc7 22. Qe3 Bxf1 23. Kxf1 Nb4 24. Qe4 Nd5 25. Nxe5 Rhe8 26.
Qa4 Qxe5 27. Qb5+ Kc8 28. Qc6+ 1-0

[Event "Outaouais-ch B"]
[Site "Gatineau CAN"]
[Date "2002.05.19"]
[Round "5"]
[White "Bussiere, Denis"]
[Black "Brousseau, Yvan"]
[Result "0-1"]
[WhiteElo "1719"]
[BlackElo "1882"]
[PlyCount "114"]
[EventDate "2002.04.23"]
[EventType "tourn"]
[EventRounds "6"]
[EventCountry "CAN"]

1. e4 e5 2. Nc3 Nc6 3. g3 Nf6 4. Bg2 Bb4 5. Nge2 d6 6. O-O Bg4 7. h3 Be6 8. d3
Qd7 9. Kh2 O-O-O 10. a3 Bc5 11. b4 Bb6 12. Na4 d5 13. Nxb6+ cxb6 14. exd5 Bxd5
15. Bb2 Bxg2 16. Kxg2 Qd5+ 17. Kh2 Nd4 18. Bxd4 exd4 19. Qd2 Rhe8 20. Nf4 Qf3
21. Rae1 g5 22. Ng2 h6 23. c3 dxc3 24. Qxc3+ Kb8 25. Re3 Qc6 26. Qxc6 bxc6 27.
Rfe1 Rxe3 28. Rxe3 Nd5 29. Rf3 Rd7 30. Ne3 Nxe3 31. Rxe3 Kc7 32. Kg2 Kd6 33.
Kf1 a5 34. bxa5 bxa5 35. Re2 Rb7 36. Ra2 Kd5 37. Ke2 Rb3 38. Ke3 a4 39. f3 c5
40. Ke2 Kd4 41. Rc2 Rxd3 42. Rxc5 Rxa3 43. Rc7 Ra2+ 44. Kd1 f6 45. Rc6 Ke5 46.
f4+ gxf4 47. gxf4+ Kf5 48. Ra6 a3 49. Ke1 h5 50. Kf1 h4 51. Kg1 Kxf4 52. Rxf6+
Kg3 53. Rg6+ Kxh3 54. Ra6 Kg3 55. Rg6+ Kf4 56. Rh6 Rb2 57. Rxh4+ Kg3 0-1

[Event "Outaouais-ch C"]
[Site "Gatineau CAN"]
[Date "2002.04.23"]
[Round "1"]
[White "Marghetis, Aris"]
[Black "Seguin, Hubert"]
[Result "1-0"]
[WhiteElo "1775"]
[BlackElo "1540"]
[PlyCount "93"]
[EventDate "2002.04.23"]
[EventType "swiss"]
[EventRounds "6"]
[EventCountry "CAN"]

1. e4 Nf6 2. d3 e5 3. g3 Bc5 4. Bg2 Nc6 5. Nf3 d5 6. exd5 Nxd5 7. Nbd2 O-O 8.
O-O Bg4 9. Nc4 Re8 10. Ne3 Nxe3 11. Bxe3 Qd6 12. h3 Bh5 13. g4 Bg6 14. Nh4 Re7
15. Nf5 Bxf5 16. gxf5 Bxe3 17. fxe3 f6 18. Be4 Nd8 19. Qf3 c6 20. Qg3 Nf7 21.
h4 Nh6 22. Rf2 Qd7 23. Kh1 Kh8 24. Rg1 Rg8 25. Qf3 Qe8 26. Qe2 Qd7 27. Qf3 Qe8
28. Rfg2 Nf7 29. b4 Nd6 30. a4 Nxe4 31. Qxe4 Qd7 32. Qf3 Qd5 33. e4 Qd4 34. c4
Rd7 35. Rg3 Qd6 36. b5 cxb5 37. axb5 a6 38. bxa6 bxa6 39. Qe2 a5 40. h5 a4 41.
h6 Qc7 42. Qa2 Qa7 43. Qa3 Qa8 44. c5 Ra7 45. c6 Qxc6 46. hxg7+ Raxg7 47. Rxg7
1-0

[Event "Outaouais-ch C"]
[Site "Gatineau CAN"]
[Date "2002.04.26"]
[Round "2"]
[White "Ethier, Valori"]
[Black "Paquette, Jean-Guy"]
[Result "1-0"]
[WhiteElo "1417"]
[BlackElo "1385"]
[PlyCount "51"]
[EventDate "2002.04.23"]
[EventType "swiss"]
[EventRounds "6"]
[EventCountry "CAN"]

1. f4 f5 2. b3 Nf6 3. Bb2 e6 4. Nf3 Be7 5. e3 O-O 6. Nc3 b6 7. g3 Bb7 8. Bg2 d6
9. Qe2 Qd7 10. O-O-O c5 11. d4 Na6 12. dxc5 bxc5 13. Rhe1 Bxf3 14. Bxf3 Rab8
15. Qxa6 Rb6 16. Qa4 Rfb8 17. Qxd7 Nxd7 18. Na4 Ra6 19. c4 Nb6 20. Nxb6 Raxb6
21. Rd3 a5 22. Kc2 a4 23. e4 a3 24. Ba1 Bf6 25. Bxf6 fxe4 26. Rxe4 1-0

[Event "Outaouais-ch C"]
[Site "Gatineau CAN"]
[Date "2002.05.03"]
[Round "3"]
[White "Danis, Jacques"]
[Black "Ethier, Valori"]
[Result "1-0"]
[WhiteElo "1644"]
[BlackElo "1417"]
[PlyCount "81"]
[EventDate "2002.04.23"]
[EventType "swiss"]
[EventRounds "6"]
[EventCountry "CAN"]

1. e4 c6 2. d4 d5 3. e5 Bf5 4. h4 h6 5. g4 Bg6 6. h5 Bh7 7. e6 fxe6 8. Bd3 Nf6
9. Bxh7 Nxh7 10. Qd3 Qa5+ 11. Bd2 Qa6 12. Qg6+ Kd7 13. Nf3 Ng5 14. Ne5+ Kc7 15.
Bxg5 hxg5 16. Nf7 Rh6 17. Nxh6 gxh6 18. Qxe6 Qb6 19. Qe5+ Kd8 20. b3 Nd7 21.
Qe3 Qb4+ 22. c3 Qb5 23. Na3 Qa5 24. Nc2 Nf6 25. f3 Nd7 26. a4 Qc7 27. Kf2 e5
28. Rae1 Qb6 29. dxe5 Bc5 30. Nd4 Ke8 31. e6 Nf8 32. e7 Nd7 33. Qe6 Bxd4+ 34.
cxd4 Qxd4+ 35. Kg2 Qb2+ 36. Re2 Qg7 37. Qg6+ Qxg6 38. hxg6 Nf6 39. Rxh6 Ng8 40.
Rh8 Kd7 41. e8=Q+ 1-0

[Event "Outaouais-ch C"]
[Site "Gatineau CAN"]
[Date "2002.05.08"]
[Round "4"]
[White "Seguin, Hubert"]
[Black "Danis, Jacques"]
[Result "1-0"]
[WhiteElo "1540"]
[BlackElo "1644"]
[PlyCount "107"]
[EventDate "2002.04.23"]
[EventType "swiss"]
[EventRounds "6"]
[EventCountry "CAN"]

1. e4 c5 2. Nf3 d6 3. d4 cxd4 4. Nxd4 Nf6 5. Nc3 Nc6 6. Be2 e5 7. Nf3 h6 8. Be3
Be7 9. Qd2 Be6 10. h3 Rc8 11. O-O O-O 12. Rad1 a6 13. Nh2 Qa5 14. a3 b5 15. f4
exf4 16. Bxf4 Ne5 17. Nd5 Qd8 18. Nxf6+ Bxf6 19. Ng4 Nxg4 20. Bxg4 Bxg4 21.
hxg4 Bxb2 22. Bxd6 Qb6+ 23. Kh1 Rfe8 24. Qd5 Qa7 25. Rf3 Qd7 26. Rdf1 Qxg4 27.
Rxf7 Qxe4 28. Rf8+ Kh7 29. Qxe4+ Rxe4 30. Rxc8 Rh4+ 31. Kg1 Bd4+ 32. Rf2 a5 33.
Kf1 Bxf2 34. Kxf2 Rd4 35. Be5 Rd5 36. Bc3 a4 37. Rc7 Rg5 38. Bb2 h5 39. c4 bxc4
40. Rxc4 Ra5 41. Rc7 Rg5 42. Ra7 Rg4 43. Kf3 Kh6 44. Rd7 Rg6 45. Bc1+ Kh7 46.
Ra7 Rc6 47. Be3 Rc4 48. Ke2 Rc2+ 49. Bd2 Rc4 50. Rb7 Rg4 51. Kf3 Rg6 52. Ra7
Rf6+ 53. Kg3 Rd6 54. Bb4 1-0

[Event "Outaouais-ch C"]
[Site "Gatineau CAN"]
[Date "2002.05.10"]
[Round "5"]
[White "Danis, Jacques"]
[Black "Paquette, Jean-Guy"]
[Result "1-0"]
[WhiteElo "1644"]
[BlackElo "1385"]
[PlyCount "126"]
[EventDate "2002.04.23"]
[EventType "swiss"]
[EventRounds "6"]
[EventCountry "CAN"]

1. e4 c5 2. d4 cxd4 3. c3 dxc3 4. Nxc3 e6 5. Nf3 Nc6 6. Bc4 Bc5 7. O-O Nge7 8.
a3 a6 9. b4 Ba7 10. Bg5 b5 11. Bb3 O-O 12. e5 Bb7 13. Ne4 h6 14. Bxe7 Nxe7 15.
Nd6 Bc6 16. Rc1 Nd5 17. Nd4 Bxd4 18. Qxd4 Qb8 19. Bc2 Ne7 20. Qd3 Ng6 21. g4
Qd8 22. Nxf7 Rxf7 23. Qxg6 Qg5 24. Qxg5 hxg5 25. Rfd1 Rf4 26. h3 Kf7 27. Bd3
Rh8 28. Bf1 Rxg4+ 29. Kh2 Rf4 30. Rd2 Ke7 31. Bg2 Bxg2 32. Kxg2 Re4 33. Rc5
Rhh4 34. Rc7 Rd4 35. Rxd4 Rxd4 36. Ra7 Re4 37. Rxa6 Rxe5 38. Ra8 d5 39. Ra7+
Kd6 40. Rxg7 d4 41. Rg8 Kc7 42. Rg7+ Kd8 43. Rg8+ Ke7 44. Rc8 d3 45. Rc1 d2 46.
Rd1 Rd5 47. f3 Kf6 48. Kf2 Kf5 49. Ke3 e5 50. Rxd2 Rxd2 51. Kxd2 e4 52. fxe4+
Kxe4 53. Ke2 Kf4 54. Kf2 Ke4 55. Kg3 Kd4 56. Kg4 Kc3 57. Kxg5 Kb3 58. h4 Kxa3
59. h5 Kxb4 60. h6 Ka3 61. h7 b4 62. h8=Q Ka2 63. Qh2+ Ka3 1-0

[Event "Outaouais-ch C"]
[Site "Gatineau CAN"]
[Date "2002.05.10"]
[Round "5"]
[White "Ethier, Valori"]
[Black "Mai, Lloyd"]
[Result "0-1"]
[WhiteElo "1417"]
[BlackElo "1266"]
[PlyCount "132"]
[EventDate "2002.04.23"]
[EventType "swiss"]
[EventRounds "6"]
[EventCountry "CAN"]

1. e4 c6 2. d4 d5 3. e5 Bf5 4. c3 e6 5. h3 c5 6. Nf3 Nd7 7. Bd3 Ne7 8. Bb5 a6
9. Bxd7+ Qxd7 10. dxc5 Nc6 11. b4 h6 12. Nd4 Bg6 13. Bf4 Be7 14. O-O O-O 15.
Qg4 Rfe8 16. Bg3 Bf5 17. Qe2 Bd8 18. f4 Be7 19. Nd2 Bd8 20. a4 Nxd4 21. cxd4
Bc2 22. a5 Ba4 23. Qg4 Qb5 24. Rf2 Qxb4 25. Rb1 Qxd4 26. Rxb7 Bxa5 27. f5 Qxg4
28. hxg4 Bxd2 29. Rxd2 Bb5 30. Rf2 Kf8 31. fxe6 Rxe6 32. Rfxf7+ Kg8 33. Rxg7+
Kh8 34. Rh7+ Kg8 35. Bh4 Bd3 36. Rhg7+ Kf8 37. Be7+ Kxg7 38. Bf6+ Kf8 39. Rd7
Rxf6 40. exf6 Be2 41. c6 Bxg4 42. Rxd5 Be6 43. Rd6 Kf7 44. c7 Kxf6 45. Rd8 Rc8
46. Rxc8 Bxc8 47. Kf2 a5 48. Ke2 a4 49. Kd3 a3 50. Kc3 a2 51. Kb2 Kg5 52. Kxa2
Kg4 53. Kb3 Kg3 54. Kc2 Kxg2 55. Kd2 h5 56. Ke3 h4 57. Kf4 h3 58. Ke5 h2 59.
Kf6 h1=Q 60. Ke7 Qd1 61. Ke8 Qd7+ 62. Kf8 Kg3 63. Kg8 Kg4 64. Kf8 Kg5 65. Kg8
Kg6 66. Kf8 Qf7# 0-1

[Event "Outaouais-ch C"]
[Site "Gatineau CAN"]
[Date "2002.05.10"]
[Round "5"]
[White "Maisonneuve, Paul"]
[Black "Seguin, Hubert"]
[Result "1-0"]
[WhiteElo "1570"]
[BlackElo "1540"]
[PlyCount "67"]
[EventDate "2002.04.23"]
[EventType "swiss"]
[EventRounds "6"]
[EventCountry "CAN"]

1. d4 Nf6 2. Nf3 d5 3. Bf4 g6 4. e3 Bg7 5. h3 c5 6. c3 b6 7. Be2 Nc6 8. O-O Bb7
9. Nbd2 O-O 10. Ne5 Nd7 11. Nxd7 Qxd7 12. Nf3 f6 13. a4 e5 14. dxe5 fxe5 15.
Bg3 e4 16. Ng5 Qf5 17. h4 h5 18. Bf4 Ne5 19. Bxe5 Qxe5 20. a5 Bf6 21. axb6 axb6
22. Qb3 Bxg5 23. hxg5 Qe6 24. Ra3 Rxa3 25. bxa3 Rf5 26. Rb1 Qf7 27. Qxb6 Rxf2
28. Qd8+ Kg7 29. Rxb7 Rxg2+ 30. Kxg2 Qxb7 31. Qd6 Qf7 32. Qxc5 Qf5 33. Qe7+ Kg8
34. Qf6 1-0

[Event "Paul Keres mem (27th)"]
[Site "Vancouver CAN"]
[Date "2002.05.17"]
[Round "1.1"]
[White "Orlov, Georgi"]
[Black "Remedios, Russell"]
[Result "1-0"]
[WhiteElo "2591"]
[BlackElo "2109"]
[PlyCount "79"]
[EventDate "2002.05.17"]
[EventType "swiss"]
[EventRounds "7"]
[EventCountry "CAN"]

1. d4 Nf6 2. c4 e6 3. g3 Bb4+ 4. Bd2 a5 5. Bg2 O-O 6. Nc3 d6 7. Nf3 Nbd7 8. O-O
Re8 9. Qc2 e5 10. Rad1 c6 11. a3 Bxc3 12. Bxc3 e4 13. Ne1 d5 14. cxd5 cxd5 15.
Qd2 b6 16. Nc2 Nf8 17. Ne3 Ng4 18. Nxg4 Bxg4 19. f3 exf3 20. exf3 Be6 21. Rde1
Ra7 22. f4 f6 23. Qd3 Bf7 24. b4 axb4 25. Bxb4 Ng6 26. Qb5 Rd7 27. Rxe8+ Bxe8
28. Re1 Bf7 29. Bh3 Ra7 30. Be6 Nf8 31. f5 h6 32. Qc6 Nxe6 33. fxe6 Be8 34. e7
Qd7 35. Qxb6 Kh8 36. Qd8 Rc7 37. Bc5 Rb7 38. Qxd7 Rxd7 39. Rb1 Kh7 40. Rb8 1-0

[Event "Paul Keres mem (27th)"]
[Site "Vancouver CAN"]
[Date "2002.05.17"]
[Round "1.3"]
[White "Yoos, John"]
[Black "Bau, Edmund"]
[Result "1-0"]
[WhiteElo "2430"]
[BlackElo "2087"]
[PlyCount "67"]
[EventDate "2002.05.17"]
[EventType "swiss"]
[EventRounds "7"]
[EventCountry "CAN"]

1. e4 c5 2. Nf3 Nc6 3. d4 cxd4 4. Nxd4 Nf6 5. Nc3 d6 6. Bg5 e6 7. Qd2 Be7 8.
O-O-O O-O 9. f4 a6 10. Kb1 Ne8 11. Bxe7 Qxe7 12. Bc4 Bd7 13. Nf3 b5 14. Bb3 Na5
15. e5 Nxb3 16. axb3 d5 17. Qd3 f5 18. exf6 Nxf6 19. Rhe1 Qc5 20. Ne5 Rae8 21.
Ne2 Bc8 22. Ng3 Nd7 23. Nf3 Rxf4 24. Ng5 Nf6 25. Nh5 Rf5 26. Nxf6+ gxf6 27.
Qxf5 exf5 28. Rxe8+ Kg7 29. Nh3 Kf7 30. Rd8 f4 31. R8xd5 Qc7 32. Ng1 Kg6 33.
Nf3 Bf5 34. Nh4+ 1-0

[Event "Paul Keres mem (27th)"]
[Site "Vancouver CAN"]
[Date "2002.05.17"]
[Round "1.4"]
[White "Mandic, Slaven"]
[Black "Harper, Bruce"]
[Result "1/2-1/2"]
[WhiteElo "2079"]
[BlackElo "2335"]
[PlyCount "89"]
[EventDate "2002.05.17"]
[EventType "swiss"]
[EventRounds "7"]
[EventCountry "CAN"]

1. b3 e5 2. Bb2 d6 3. e3 Nd7 4. Nf3 f5 5. c4 g6 6. Nc3 Bg7 7. Qc2 Nh6 8. O-O-O
Nf7 9. d4 O-O 10. h4 e4 11. Ne1 Nf6 12. g3 h6 13. Ng2 g5 14. hxg5 hxg5 15. Be2
c6 16. g4 Nh6 17. gxf5 Bxf5 18. Rdg1 Qd7 19. Nf4 gxf4 20. Rxh6 f3 21. Bf1 Kf7
22. Rhh1 d5 23. Kb1 Rh8 24. cxd5 cxd5 25. Ba3 Rxh1 26. Rxh1 Rc8 27. Qd2 Rh8 28.
Rxh8 Bxh8 29. Nb5 Bh3 30. Nd6+ Kg6 31. Bb5 Qh7 32. Qe1 a6 33. Qg1+ Bg2 34. Bf1
Qh3 35. Nxb7 Ng4 36. Bxa6 Bxd4 37. exd4 e3 38. fxe3 f2 39. Qc1 Nxe3 40. Qc6+
Kh5 41. Qe8+ Kg4 42. Qg6+ Kf3 43. Qf7+ Qf5+ 44. Qxf5+ Nxf5 45. Bd6 1/2-1/2

[Event "Paul Keres mem (27th)"]
[Site "Vancouver CAN"]
[Date "2002.05.17"]
[Round "1.5"]
[White "Adam, Valerian"]
[Black "Chapman, Erik"]
[Result "1-0"]
[WhiteElo "2282"]
[BlackElo "2055"]
[PlyCount "123"]
[EventDate "2002.05.17"]
[EventType "swiss"]
[EventRounds "7"]
[EventCountry "CAN"]

1. e4 c5 2. c4 e5 3. Ne2 d6 4. Ng3 g6 5. Be2 Bg7 6. Bg4 Nc6 7. Bxc8 Rxc8 8. Nc3
Nge7 9. O-O h5 10. h3 h4 11. Nge2 f5 12. exf5 gxf5 13. f4 Qd7 14. d3 Bf6 15.
Be3 Nd4 16. Nd5 Nxd5 17. cxd5 Ke7 18. Qd2 Rcg8 19. Bxd4 cxd4 20. Qb4 Kf7 21.
Rf2 Rh6 22. Raf1 Rhg6 23. Kh1 Ke8 24. a4 b6 25. b3 Be7 26. Qc4 Bd8 27. Qc6 Qxc6
28. dxc6 a5 29. fxe5 dxe5 30. Re1 Rxc6 31. Nxd4 Rd6 32. Nxf5 Rxd3 33. Rf3 Rxf3
34. gxf3 Bc7 35. Re4 Rf8 36. Nxh4 Bd8 37. Rxe5+ Kd7 38. Nf5 Rh8 39. Kg2 Rg8+
40. Kf2 Rh8 41. h4 Bxh4+ 42. Nxh4 Rxh4 43. Kg3 Rd4 44. Re3 Rb4 45. f4 b5 46.
axb5 Rxb5 47. Kg4 Rb4 48. Kg5 a4 49. bxa4 Rxa4 50. f5 Ra1 51. Kg6 Rg1+ 52. Kf7
Rd1 53. f6 Rg1 54. Rd3+ Kc6 55. Ke7 Re1+ 56. Kf8 Rg1 57. f7 Kc7 58. Rd4 Rg2 59.
Ke7 Re2+ 60. Kf6 Rf2+ 61. Kg6 Rg2+ 62. Kf5 1-0

[Event "Paul Keres mem (27th)"]
[Site "Vancouver CAN"]
[Date "2002.05.17"]
[Round "1.6"]
[White "Salcedo, Daniel"]
[Black "Milicevic, Dragoljub"]
[Result "0-1"]
[WhiteElo "2046"]
[BlackElo "2277"]
[PlyCount "134"]
[EventDate "2002.05.17"]
[EventType "swiss"]
[EventRounds "7"]
[EventCountry "CAN"]

1. d4 f5 2. Nf3 g6 3. Nbd2 Nf6 4. Ne5 Bg7 5. g3 O-O 6. Bg2 d6 7. Nd3 Nc6 8. c3
Kh8 9. b4 a6 10. h4 Qe8 11. Bb2 e5 12. e3 Bd7 13. O-O Ng4 14. d5 Ne7 15. Qe2
Qf7 16. c4 b5 17. f3 Nf6 18. e4 Nh5 19. Qe1 f4 20. g4 Ng3 21. Rf2 bxc4 22. Nxc4
Bb5 23. Ndxe5 dxe5 24. Nxe5 Qe8 25. a4 Bxa4 26. Qc3 Bb5 27. Qxc7 Qd8 28. Rc2
Rc8 29. Qxd8 Rfxd8 30. Rxc8 Rxc8 31. d6 Nc6 32. Nxc6 Rxc6 33. Bxg7+ Kxg7 34. e5
Kf7 35. g5 Ke6 36. Re1 Rc3 37. Bh3+ Nf5 38. Kf2 Re3 39. Rc1 Re2+ 40. Kg1 Rxe5
41. Rc7 Bd7 42. Ra7 Kxd6 43. Rxa6+ Bc6 44. Bf1 Kc7 45. Ra7+ Kb6 46. Rxh7 Bxf3
47. Rf7 Bh5 48. Rf6+ Kc7 49. b5 Nxh4 50. b6+ Kb7 51. Rxf4 Rxg5+ 52. Kf2 Rf5 53.
Kg3 g5 54. Bg2+ Kxb6 55. Rxf5 Nxf5+ 56. Kf2 Kc5 57. Bh3 Nd6 58. Ke3 Kd5 59.
Bg2+ Ke5 60. Bh3 Nf5+ 61. Kf2 Kf4 62. Bg2 g4 63. Bc6 g3+ 64. Kg2 Ne3+ 65. Kg1
Bf3 66. Bd7 Nd5 67. Bh3 Ke3 0-1